Countries with Arabic as an Official Language - Statistics

General Stats
  • This quiz has been taken 966 times
    925 since last reset
  • The average score is 20 of 25
Answer Stats
co-official language country % Correct
- الجزائر Algeria
93%
Berber المغرب Morocco
92%
Somali الصومال Somalia
91%
- تونس Tunisia
89%
- مصر Egypt
88%
Kurdish العراق Iraq
88%
- الامارات‎ United Arab Emirates
88%
- العربية السعودية Saudi Arabia
87%
- لبنان Lebanon
85%
- عمان Oman
85%
- البحرين Bahrain
84%
Hebrew إسرائيل Israel
84%
- اليَمَن‎ Yemen
84%
- الأردن Jordan
83%
- سوريا Syria
83%
- ليبيا Libya
82%
- قطر Qatar
82%
English سودان Sudan
81%
- الكويت Kuwait
79%
- موريتانيا Mauritania
72%
French تشاد Chad
70%
French جيبوتي Djibouti
69%
Tigrinya إريتريا Eritrea
68%
French جزر القمر Comoros
48%
- فلسطين Palestine
43%
No matching quizzes found
Score Distribution
Percent of People with Each Score
Percentile by Number Answered
Your Score History
You have not taken this quiz since the last reset